Library Banner

The enlightenment Quran (Record no. 54648)

MARC details
000 -LEADER
fixed length control field 00499nam a2200181Ia 4500
001 - CONTROL NUMBER
control field 57357
008 - FIXED-LENGTH DATA ELEMENTS--GENERAL INFORMATION
fixed length control field 140507s9999 xx 000 0 und d
020 ## - INTERNATIONAL STANDARD BOOK NUMBER
International Standard Book Number 9781851686520
040 ## - CATALOGING SOURCE
Transcribing agency PK-LaUMT
082 ## - DEWEY DECIMAL CLASSIFICATION NUMBER
Classification number 267.09409032
Item number ELM-E
100 ## - MAIN ENTRY--PERSONAL NAME
Personal name Elmarsafy, Ziad
245 #4 - TITLE STATEMENT
Title The enlightenment Quran
Remainder of title the politics of translation and the construction of Islam
Statement of responsibility, etc Elmarsafy, Ziad
260 ## - PUBLICATION, DISTRIBUTION, ETC. (IMPRINT)
Place of publication, distribution, etc Oxfrod,England:
Name of publisher, distributor, etc One World,
Date of publication, distribution, etc 2011
300 ## - PHYSICAL DESCRIPTION
Extent 269 p.
546 ## - LANGUAGE NOTE
Language note EN
650 ## - SUBJECT ADDED ENTRY--TOPICAL TERM
Topical term or geographic name as entry element Quran
942 ## - ADDED ENTRY ELEMENTS (KOHA)
Koha item type Books
Holdings
Withdrawn status Lost status Damaged status Not for loan Home library Current library Date acquired Total Checkouts Full call number Barcode Date last seen Price effective from Koha item type
        UMT Main Campus UMT Main Campus 2014-05-07   267.09409032 ELM-E 78018 2014-05-08 2014-05-08 Books